Największe miasta w województwie łódzkim - Statystyki

Ogólne statystyki
  • Ten quiz został rozwiązany 631 razy
  • Średni wynik to 13 z 20
Statystyki odpowiedzi
Lp Populacja Odpowiedź % Poprawnych
1 685.285 Łódź
99%
2 73.670 Piotrków Trybunalski
92%
6 56.529 Zgierz
85%
3 65.283 Pabianice
83%
5 57.432 Bełchatów
80%
7 48.178 Skierniewice
80%
4 62.649 Tomaszów Mazowiecki
79%
10 42.267 Sieradz
76%
8 46.087 Radomsko
72%
9 44.172 Kutno
69%
12 28.501 Łowicz
68%
13 22.973 Wieluń
62%
11 42.094 Zduńska Wola
58%
15 21.327 Opoczno
57%
18 17.404 Rawa Mazowiecka
54%
14 21.682 Aleksandrów Łódzki
53%
19 17.344 Łask
51%
17 18.096 Konstantynów Łódzki
42%
16 19.456 Ozorków
30%
20 14.291 Głowno
23%
Nie znaleziono quizów pasujących do podanych kryteriów
Rozkład punktacji
Procent ludzi z każdym wynikiem
Percentyl według liczby udzielonych odpowiedzi
Twoja historia wyników
Nie rozwiązałeś tego quizu